Aportes iberoamericanos al derecho internacional pandemias, corrupcin̤, transiciones, inversiones, derechos humanos y medio ambiente /

Bibliographic Details
Main Author: Arv̌alo Ramr̕ez, Walter
Other Authors: Ols̀olo Alonso, Hčtor, Galvis, Ricardo Abello, Urueą Sǹchez, Mario
Format: eBook
Language:Spanish
Published: Bogot:̀ Universidad del Rosario, 2022
Subjects:
Online Access:Acceso restringido

MARC

LEADER 00000nam a22000007a 4500
005 20220825223224.0
007 cr|||| ||||
008 220825s2022 co |||||s|||| 00||0 spa d
020 |a 978-958-784-868-7 
035 |a 36925 
040 |a vLex 
090 |c 13843  |d 13843 
100 1 |a Arv̌alo Ramr̕ez, Walter 
245 1 0 |a Aportes iberoamericanos al derecho internacional  |h [Recurso electrn̤ico] :  |b pandemias, corrupcin̤, transiciones, inversiones, derechos humanos y medio ambiente /  |c Walter Arv̌alo Ramr̕ez, Hčtor Ols̀olo Alonso, Ricardo Abello Galvis, Mario Urueą Sǹchez 
256 |a Servicio en ln̕ea 
260 |a Bogot:̀  |b Universidad del Rosario,  |c 2022 
300 |a 1 recurso electrn̤ico 
506 1 |a Disponible solo en los productos indicados  |d vLex Global  |d vLex Global (Academic Edition, excluding Law Schools)  |d vLex Global (U.S. Academic Edition, Law Schools)  |d vLex Global (U.S. Academic Edition, excluding Law Schools)  |d vLex Global (Academic Edition, Law Schools) 
650 0 4 |a Derecho Internacional  |z Colombia 
700 1 |a Ols̀olo Alonso, Hčtor 
700 1 |a Galvis, Ricardo Abello 
700 1 |a Urueą Sǹchez, Mario 
740 0 |a vLex Libros (Servicio en ln̕ea) 
856 4 0 |u https://app.vlex.com/#/sources/36925  |z Acceso restringido 
942 |c BOOK 
999 0 |a International right